| 000 | 00953cam a22002051 4500 | ||
|---|---|---|---|
| 001 | 000015622 | ||
| 005 | 20200929164109.0 | ||
| 008 | 801112s1942 sp 000 0 spa | ||
| 010 | _a31019040 | ||
| 040 |
_aDO-SdBNP _bspa _cBNPHU |
||
| 082 |
_axxxx _bM178i |
||
| 100 | 1 |
_aMadariaga, Salvador de, _d1886- _935208 |
|
| 245 | 1 | 0 |
_aIngleses, franceses, españoles; / _censayo de psicologia comparada por Salvador de Madariaga. |
| 260 |
_aArgentina : _bLosada, _c1942. |
||
| 300 |
_a405 p. ; _c19 cm. |
||
| 490 | 1 | _aBiblioteca Contemporanea | |
| 500 | _a"Escrito en forma de dos cursos de conferencias, dados en los veranos de 1926 y 1927 en el Instituto de Estudios Internacionales ... en frances y en ingles ... fue traducido luego al castellano, tambien por su autor, y publicado en el suplemento literario de 'La Nacion', de Buenos Aires, en los mismos años."--p. [5] | ||
| 830 | 0 |
_aBiblioteca Contemporanea _914729 |
|
| 910 | _aCatalogación derivada | ||
| 999 |
_c15176 _d15176 |
||